01598nam0a22002291 4500001001500000005001700015035002600032100004100058101000800099102000700107105001800114200056400132210002300696215001500719327010900734464036500843710006901208801001801277801002201295801002701317852002401344v19\rc\151579520260406232751.0 a(NLR Aleph) 004639454 a20060620d1885 |||y0rusy50 ca0 arus aRU ay z |||||1 aСвод возражений господина казанского губернатора на уездные земские сметы и раскладки Казанской губернии на 1885 год, доклад семичленной Комиссии ХХ очередному Казанскому губернскому земскому собранию по упомянутым возражениям и относящиеся к этому делу постановления Губернского земского собрания aКазаньd1885 a68 с.d240 aС. 49-51: Журнал XX очередного Казан. губ. зем. собр. 9 дек. 1884 г. 012001#$aЖурнал XX очередного Казанского губернского земского собрания 9 дек. 1884 г.1215##$aС. 49-51171202$aКазанское губ. земское собраниеtЖурнал XX очередного Казанского губернского земского собрания 9 дек. 1884 г.02aКазанский губернатор3RU\NLR\AUTH\889985844 0aRUbNLRgpsbo 0aRUbRuMoRGB2psbo 1aRUbProSoft-M2rusmarc aNLRbЗемj13/361